000 00635nam a2200229Ia 4500
003 OSt
005 20220918191858.0
006 a|||||r|||| 00| 0
007 ta
008 220917b |||||||| |||| 00| 0 eng d
024 _a65,579
037 _cTextual
040 _aARTS
_cARTS
_beng
041 _2eng
_aeng
082 _aR3jN19, M0
100 _aVan Straaten Zak ed
_977473
245 0 _aPhilosophical subjects
_b essays presented to P F Strawson
260 _aOxford
_bClarendon Press
_c1980
300 _avi,302p.
_ccm.
942 _hR3jN19, M0
_cTEXL
_2CC
999 _c191822
_d191822